Manual de microquimia clínica o diagnóstico médico fundado en las exploraciones microquímicas / (Record no. 68463)

MARC details
000 -LEADER
campo de control de longitud fija 00666nam a22001815i 4500
001 - NÚMERO DE CONTROL
campo de control 68463
003 - IDENTIFICADOR DE NÚMERO DE CONTROL
campo de control ES-MaACL
005 - FECHA Y HORA DE LA ÚLTIMA TRANSACCIÓN
campo de control 20230906170306.0
007 - CAMPO FIJO DE DESCRIPCIÓN FÍSICA--INFORMACIÓN GENERAL
campo de control de longitud fija t|
008 - DATOS DE LONGITUD FIJA--INFORMACIÓN GENERAL
campo de control de longitud fija 960802s1876 sp ||||1| spa d
040 ## - FUENTE DE CATALOGACIÓN
Centro catalogador/agencia de origen CAM
Lengua de catalogación spa
Centro/agencia transcriptor CAM
100 1# - ENTRADA PRINCIPAL--NOMBRE DE PERSONA
Nombre de persona García Sola, Eduardo.
9 (RLIN) 55306
245 10 - MENCIÓN DEL TÍTULO
Título Manual de microquimia clínica o diagnóstico médico fundado en las exploraciones microquímicas /
Mención de responsabilidad, etc. por Eduardo García Solá.
260 ## - PUBLICACIÓN, DISTRIBUCIÓN, ETC.
Lugar de publicación, distribución, etc. Madrid :
Nombre del editor, distribuidor, etc. Carlos Bailly-Bailliere,
Fecha de publicación, distribución, etc. 1876 (
Fabricante Est. tipográfico de R. Labajos)
300 ## - DESCRIPCIÓN FÍSICA
Extensión VII, 230 p. ;
Dimensiones 20 cm.
740 0# - ENTRADA AGREGADA--TÍTULO RELACIONADO/ANALÍTICO NO CONTROLADO
Título relacionado o analítico no controlado Diagnóstico médico fundado en las exploraciones microquímicas.
852 ## - LOCALIZACIÓN
Ubicación ES-MaACL
Número de control de estantería T-596-F-6
Holdings
Estatus retirado Estado de pérdida Estado de daño No para préstamo Colección Biblioteca de origen Biblioteca actual Ubicación en estantería Fecha de adquisición Fuente de adquisición Total de préstamos Signatura topográfica completa Código de barras Visto por última vez Precio de reemplazo Tipo de ítem Koha
        Colección de folletos Biblioteca del Ateneo de Madrid Biblioteca del Ateneo de Madrid Depósito folletos 17/01/2008     T-596-F-6 1071669 23/02/2023 23/02/2023 Folleto